Katalóg rodinných domov 1999

Bibliographic Details
Corporate Author: Prodom Bratislava, Slovensko (Author)
Format: Book
Language:Slovak
PhysicalDescription:[114] s. obr., sch., tab. 30 cm
Published: Bratislava Magnus Group 1999
ISBN:809681074X
Subjects:

MARC

LEADER 00000nam a2200000 a 4500
001 vtls001380384
003 SK-MaSNL
005 20260301161351.0
008 160415s1999 xo a r y 0 slo
015 |a SNBF2000/04-01913 
020 |a 809681074X 
035 |a SNK000334375 
040 |a SNK  |b slo  |c SNK  |e AACR2 
041 0 |a slo 
044 |a xo  |c SK 
080 |a 728.3.001.63(085.2)  |2 1981 
110 0 |a Prodom Bratislava, Slovensko  |4 aut  |9 275254 
245 1 |a Katalóg rodinných domov 1999 
260 |a Bratislava  |b Magnus Group  |c 1999 
300 |a [114] s.  |b obr., sch., tab.  |c 30 cm 
610 0 7 |a Prodom  |a Bratislava, Slovensko  |x domy rodinné  |x projekty  |y 1999  |x katalógy firemné  |2 SNK  |9 524280 
611 1 7 |a Prodom  |a Bratislava, Slovensko  |x domy rodinné  |x projekty  |y 1999  |x katalógy firemné  |2 SNK  |9 524281 
650 0 7 |a domy rodinné  |x projekty  |y 1999  |x katalógy firemné  |2 SNK  |9 524282 
919 |a 80-968107-4-X 
958 |a FFK 
958 |a TL 
999 |c 809152  |d 811082 
952 |t P60, <03>, [BOOK], {603}  |a SNK  |b SNK  |y PREZ  |7 0  |p 17A0224114  |o snkOSB 12363/1999  |i snkKSP 342/2000  |0 0  |1 0  |4 0  |d 2000-01-11  |l 0  |r 2005-01-02 00:00:00  |w 2026-02-24 
952 |t P60, <04>, [BOOK], {604}  |a SNK  |b SNK  |y VYP  |7 0  |p 17A0224113  |o snkOSB 12363/1999 D1  |i snkKSP 343/2000  |0 0  |1 0  |4 0  |d 2000-01-11  |l 0  |r 2005-01-02 00:00:00  |w 2026-02-24